| 000 | 00000nam 2200000zi 4500 |
| 001 | 9.933364 |
| 003 | CaOODSP |
| 005 | 20240212131605 |
| 006 | m o d f |
| 007 | cr mn||||||||| |
| 008 | 240202s2008 onc o f000 0 fre d |
| 040 | |aCaOODSP|bfre|erda|cCaOODSP |
| 043 | |an-cn--- |
| 045 | |ay0y0 |
| 086 | 1 |aCR22-116/2008-1F-PDF |
| 245 | 00|aVérification des mécanismes de contrôle de l'intégrité des renseignements présentés dans le Rapport sur les plans et les priorités : |bréponse de la direction sur le plan d'action. |
| 264 | 1|a[Ottawa] : |bConseil de recherches en sciences humaines du Canada = Social Sciences and Humanities Research Council of Canada, |c[2008] |
| 300 | |a1 ressource en ligne (5 pages non numérotées) |
| 336 | |atexte|btxt|2rdacontent/fre |
| 337 | |ainformatique|bc|2rdamedia/fre |
| 338 | |aressource en ligne|bcr|2rdacarrier/fre |
| 500 | |aPublié aussi en anglais sous le titre : Audit of controls over the integrity of information in the Report on Plans and Priorities : management action plan response. |
| 610 | 26|aConseil de recherches en sciences humaines du Canada|xAudit. |
| 710 | 2 |aConseil de recherches en sciences humaines du Canada, |eorganisme de publication. |
| 775 | 08|tAudit of controls over the integrity of information in the Report on Plans and Priorities : |w(CaOODSP)9.933361 |
| 856 | 40|qPDF|s69 Ko|uhttps://publications.gc.ca/collections/collection_2024/crsh-sshrc/CR22-116-2008-1-fra.pdf |